| 000 | 02736nam a2200649 i 4500 | ||
|---|---|---|---|
| 001 | DIGCSIC0535 | ||
| 003 | NyNyDIG | ||
| 006 | m o d | ||
| 007 | cr ||||||||||| | ||
| 008 | 210306s2018 sp ob 000 d spa d | ||
| 035 | _a(OCoLC)1244450521 | ||
| 040 |
_aDGITA _beng _erda _epn _cDGITA |
||
| 020 |
_a9788400103194 _qeBook |
||
| 020 |
_a840010319X _qeBook |
||
| 020 | _z9788400103187 | ||
| 020 | _z8400103181 | ||
| 024 | 7 |
_a059-18-033-3 _qe-NIPO _2nipo |
|
| 024 | 7 |
_z059-18-032-8 _2nipo |
|
| 041 | 1 |
_aspa _agrc _hgrc |
|
| 043 | _aa-tu--- | ||
| 050 | 1 | 4 | _aPA3976.S8 ebook |
| 100 | 0 |
_aEuripides, _eauthor. |
|
| 245 | 1 | 0 |
_aTroyanas ; _bIón / _cEurípides ; introducción, texto revisado y traducción de Antonio Guzmán Guerra. |
| 246 | 1 | 0 | _aIón |
| 246 | 3 |
_aTragedias, VIII : _bTroyanas ; Ión |
|
| 264 | 1 |
_aMadrid : _bConsejo Superior de Investigaciones Científicas, _c2018. |
|
| 300 | _a1 online resource. | ||
| 336 |
_atext _btxt _2rdacontent |
||
| 337 |
_acomputer _bc _2rdamedia |
||
| 338 |
_aonline resource _bcr _2rdacarrier |
||
| 347 |
_atext file _2rdaft |
||
| 347 | _bPDF | ||
| 490 | 1 |
_aTragedias / Eurípides ; _v8 |
|
| 490 | 1 | _aAlma mater | |
| 504 | _aIncludes bibliographical references. | ||
| 546 | _aText in Greek and Spanish; introduction and notes in Spanish. | ||
| 588 | 0 | _aOnline resource; title from PDF title page (Digitalia, viewed March 8, 2021) | |
| 600 | 0 | 0 |
_aIon _c(Mythological character) _vDrama. |
| 650 | 0 |
_aWomen _zTurkey _zTroy (Extinct city) _vDrama. |
|
| 650 | 0 |
_aTrojan War _vDrama. |
|
| 651 | 0 |
_aTroy (Extinct city) _vDrama. |
|
| 655 | 0 | _aElectronic books. | |
| 700 | 1 |
_aGuzmán Guerra, Antonio, _eeditor, _etranslator. |
|
| 700 | 0 | 2 |
_iContainer of (work): _aEuripides. _tTrojan women. _lGreek _s(Guzmán Guerra) |
| 700 | 0 | 2 |
_iContainer of (expression): _aEuripides. _tTrojan women. _lSpanish _s(Guzmán Guerra) |
| 700 | 0 | 2 |
_iContainer of (work): _aEuripides. _tIon. _lGreek _s(Guzmán Guerra) |
| 700 | 0 | 2 |
_iContainer of (expression): _aEuripides. _tIon. _lSpanish _s(Guzmán Guerra) |
| 791 | 2 |
_aDigitalia (Firm), _edistributor. |
|
| 793 | 0 |
_gDigitalia eBook Collection: _aEditorial CSIC |
|
| 776 | 0 | 8 |
_iPrint version: _aEuripides. _tTroyanas. _dMadrid : Consejo Superior de Investigaciones Científicas, 2018 _z9788400103187 _w(DLC) 2018427173 _w(OCoLC)1056235683 |
| 800 | 0 |
_aEuripides. _tWorks. _lGreek _s(Consejo Superior de Investigaciones Científicas (Spain)) ; _v8. |
|
| 800 | 0 |
_aEuripides. _tWorks. _lSpanish _s(Consejo Superior de Investigaciones Científicas (Spain)) ; _v8. |
|
| 830 | 0 | _aAlma mater (Series) (Madrid, Spain) | |
| 856 | 4 | 0 |
_3Digitalia Hispánica _uhttps://www.digitaliapublishing.com/a/56608/ |
| 910 | _aPremium collection: 2021 | ||
| 942 | _cRAA | ||
| 999 |
_c254952 _d254952 |
||